Bharater sanskriti (Record no. 6978)

MARC details
000 -LEADER
fixed length control field 00483cam a2200205ua 4500
001 - CONTROL NUMBER
control field 7863
005 - DATE AND TIME OF LATEST TRANSACTION
control field 20260515114249.0
008 - FIXED-LENGTH DATA ELEMENTS--GENERAL INFORMATION
fixed length control field 141229n ii |||gr||||Z||||||ben
040 ## - CATALOGING SOURCE
Transcribing agency MAIN
041 ## - LANGUAGE CODE
Language code of text/sound track or separate title ben
082 ## - DEWEY DECIMAL CLASSIFICATION NUMBER
Classification number 306.954
100 ## - MAIN ENTRY--PERSONAL NAME
Personal name Sen, K.,
Relator term Author.
245 1# - TITLE STATEMENT
Title Bharater sanskriti
Statement of responsibility, etc. By Kshitimohan Sen
250 ## - EDITION STATEMENT
Edition statement 1st.
260 ## - PUBLICATION, DISTRIBUTION, ETC.
Place of publication, distribution, etc. Kolkatta:
Name of publisher, distributor, etc. Biswabharati,
Date of publication, distribution, etc. 1962.
300 ## - PHYSICAL DESCRIPTION
Extent 74p.
653 ## - INDEX TERM--UNCONTROLLED
Uncontrolled term Culture & institutions
653 ## - INDEX TERM--UNCONTROLLED
Uncontrolled term Indian culture
942 ## - ADDED ENTRY ELEMENTS (KOHA)
Koha item type Books
Holdings
Withdrawn status Lost status Damaged status Not for loan Home library Current library Date acquired Total checkouts Full call number Barcode Date last seen Copy number Price effective from Koha item type
        Naharkatiya College Library Naharkatiya College Library 09/19/2020   306.954 | SEN 12488 09/19/2020 1 09/19/2020 Books